000 005080000a22001810004500
003 MACL
005 20160303125915.0
008 160303b xxu||||| |||| 00| 0 eng d
040 _aMACL
_cMACL
041 _aHindi
082 _a891.431
100 _aशर्मा नरेन्‍द्र
_939963
245 _aरक्‍त - चंदन
260 _bभारती भण्‍डार
_aइलाहाबाद
350 _a2
650 _aPoetry
_942377
942 _cHIN
_k891.431
_2ddc
999 _c23686
_d23686